Obálka
Pro půjčování e-knih musíte být přihlášeni.
Jak si půjčit online?

Zmoudření Dona Quijota /

Josef Kemr, představitel Dona Quijochota, se narodil 20. června 1922 - tento titul uvolňujeme do digitálního prodeje u příležitosti výročí jeho narození. Z komentáře režiséra Tomáše Vondrovice k prvnímu vydání hry v roce 1995: Zmoudření Dony Quijota je pro mě jedním z nejkrásněších snímků, které mi...

Celý popis

Uloženo v:
Hlavní autor: Dyk, Viktor (Autor)
Další autoři: Švehlík, Alois (Autor), Soukup, Pavel (Vypravěč-komentátor), Hrušínský, Rudolf (Vypravěč-komentátor), Kemr, Josef (Vypravěč-komentátor), Švarc, Bohumil (Vypravěč-komentátor), Moravec, Miroslav (Vypravěč-komentátor), Fišer, Stanislav (Vypravěč-komentátor), Němec, František (Vypravěč-komentátor), Postránecký ., Václav (Vypravěč-komentátor)
Médium: E-audiokniha
Vydáno: Praha : Supraphon a.s., 2013
Tagy:
Žádné tagy
LEADER 03465nim a22003857i 4500
001 313306
007 sr nunnnnnnned
024 |a 099925504724 
044 |a xr 
100 1 |a  Dyk, Viktor  |4 aut 
245 1 0 |a Zmoudření Dona Quijota /  |c  Dyk, Viktor 
264 1 |a Praha :  |b Supraphon a.s.,  |c 2013 
300 |a 1 online zdroj (1 hod., 38 min., 14 sek.) 
336 |a mluvené slovo  |b spw  |2 rdacontent 
337 |a audio  |b s  |2 rdamedia 
338 |a online zdroj  |b cr  |2 rdacarrier 
505 0 0 |t Zmoudreni Dona Quijota (18 min., 36 sek.) 
505 0 0 |t Sierra Morrena (14 min., 19 sek.) 
505 0 0 |t Noc pred Tobozou (18 min., 55 sek.) 
505 0 0 |t Porazka Dona Quijota (18 min., 17 sek.) 
505 0 0 |t Zmoudreni Dona Quijota (28 min., 8 sek.) 
520 2 |a Josef Kemr, představitel Dona Quijochota, se narodil 20. června 1922 - tento titul uvolňujeme do digitálního prodeje u příležitosti výročí jeho narození. Z komentáře režiséra Tomáše Vondrovice k prvnímu vydání hry v roce 1995: Zmoudření Dony Quijota je pro mě jedním z nejkrásněších snímků, které mi bylo dopřáno natočit. Měl jsem a dodnes ho mám rád z několika důvodů. Především pro hru samu, od mládí jsem ji ctil jako jednu z oněch "erbovních her srdce", s nimiž bych se rád někdy setkal; ale také proto, že, domnívám se, její akustický přepis v mnohém vyhovuje básnickému originálu V.Dyka věrněji, než to může dokázat jeviště - hra na fantazie tu není vymezena hmotným prostorem, milenci nepotřebují malované hory - a rána, kterou Quijote utrží v souboji, nevyžaduje rozličného komparsu. Dalším důvodem je, že jsem měl možnost vybrat si ideální soubor, který by se na jevišti sotvakdy mohl sejít; nemyslím tím na dva představitele hlavních rolí, pana J. Kemra a pan R. Hrušínského, ale skutečně na celý soubor a výkony všech dalších herců - však také práce probíhala podle toho, brali jsme jen to nejlepší a nenenechali se tísnit časem ani jinými vnějšími okolnostmi. Samozřejmě dominantní role i výkony obou pánů - pravých mistrů svého oboru - nelze zapomenout; dnes už si své dialogy o věčném ideálu, kráse a lásce doříkávají na jiné scéně, kde, jak věřím, nešťastné Quijoty nesužuje malost, závist ani nepochopení. Je paradoxní (ale možná i zákonité), že tenhle snímek čekal na okamžik, kdy bude smět spatřit světlo světa, víc než šest let. Jsem opravdu rád, že ta chvíle nadešla, i když mě naplňuje jistým zármutkem fakt, že se jí nedočkal ani jeden z protagonistů. Básnické poselství Viktora Dyka se tak - kouzlem nechtěného - stává i posledním hereckým vzkazem pana Kemra pro ty, kteří chtějí naslouchat. 
700 1 |a  Švehlík, Alois  |4 nrt 
700 1 |a  Soukup, Pavel  |4 nrt 
700 1 |a  Hrušínský, Rudolf  |4 nrt 
700 1 |a  Kemr, Josef  |4 nrt 
700 1 |a  Švarc, Bohumil  |4 nrt 
700 1 |a  Moravec, Miroslav  |4 nrt 
700 1 |a  Fišer, Stanislav  |4 nrt 
700 1 |a  Němec, František  |4 nrt 
700 1 |a  Postránecký ., Václav  |4 nrt 
910 |a RBIT002 
998 |d 402646  |a https://core.palmknihy.cz/api/books/402646/cover?sbsdcb  |b https://core.palmknihy.cz/api/books/402646/cover/400?sbsdcb  |c https://core.palmknihy.cz/api/books/402646/cover/50?sbsdcb  |e 2099-01-01  |i 099925504724  |l 5894  |q 49  |r 1  |s https://www.palmknihy.cz/kniha/402646  |t audiobook  |y 2013  |z 1 
999 |d 313304